00672 a2200181 45000010006000000050017000060080041000230030015000640400040000790800100001192450074002190200022002932640033003153000019003485050093003670410008004601000022004684247920260407155714.0260407a2009 arg spa dAR-UNSa-BCEJYS aAR-UNSa-BCEJYSbspacAR-UNSa-BCEJYS a174:65xEtica en gestión y organización de la industria (Responsabilidad Social Empresaria)10aSeminario de integración y aplicación en proyectos sociales (RSU) a978-950-29-1173-1 1aBuenos Aires :b[s.n.]c2009 a207 p.c21 cm. a1. Desarrollo humano y gerencia social: reflexiones abiertas / Heloísa Primavera - 2.  aspa1 aSaravia, Federico